000 00461nam a22001817a 4500
003 OSt
005 20140310182009.0
008 130729t xxu||||| |||| 00| 0 eng d
050 _aPZ 8
_b.F927 1995
082 _aKF
_bB84f 1995
245 _aThe frog prince /
260 _aHongkong :
_bTormont International,
_cc1995.
300 _a29 p. :
_bcol. ill. ;
_c26 cm.
541 _j1
562 _e1
650 _aFiction.
_9746
942 _2lcc
_cBK-KF
_kKF
999 _c8103
_d8103